00705nam a2200193Ia 4500003000900000008004100009040001600050080001600066245013100082260006000213300001500273650003000288650001900318650002900337700002800366942000700394999001700401952009300418IN-BaIIA211028s9999 xx 000 0 eng d cIIA Library a5(091)bPRA 4aThe prgoress of science in India during the past twenty-five yearscedited by B. Prashad  aCalcuttabThe Indian Science Congress Associationc1938 alvi, 767p. aHistorical science912338 aNASA Thesaurus aScience-historial917504 aPrashad, B., ed.917505 cBK c10293d10293 00104070aBANbBANcGENd1992-01-31l0o5(091)/ PRAp11203r2021-11-05w1992-01-31yBK